Arthur's funny money /

When Violet has a numbers problem and Arthur is penniless, they go into business and solve both problems.

Bibliographic Details
Main Author: Hoban, Lillian
Format: Book
Language:English
Published: New York, N.Y. : Harper & Row, [1981]
Edition:1st ed.
Series:I can read book.
Subjects:

MARC

Tag First Indicator Second Indicator Subfields
LEADER 00000cam a22000008a 4500
001 in00000089068
005 20151008065253.0
008 810305s1981 nyua j 00011 eng
010 |a  80007903  
020 |a 006022343X :  |c $8.95 
020 |a 0060223448 (lib. bdg.) :  |c $8.79 
035 |a (OCoLC)07274731 
035 |9 AAK5660AM 
039 0 |a 2  |b 3  |c 3  |d 3  |e 3 
040 |a DLC  |c DLC  |d TXA  |d UtOrBLW 
049 |a [Curr Col] TXAM  |c [1387585] 
050 0 0 |a PZ7.H635  |b Arf 1981 
082 0 |a [E]  |2 19 
100 1 |a Hoban, Lillian. 
245 1 0 |a Arthur's funny money /  |c Lillian Hoban. 
250 |a 1st ed. 
263 |a 8110 
264 1 |a New York, N.Y. :  |b Harper & Row,  |c [1981] 
264 4 |c ©1981 
300 |a 64 pages :  |b color illustrations ;  |c 23 cm. 
336 |a text  |b txt  |2 rdacontent 
337 |a unmediated  |b n  |2 rdamedia 
338 |a volume  |b nc  |2 rdacarrier 
490 1 |a An I can read book 
520 |a When Violet has a numbers problem and Arthur is penniless, they go into business and solve both problems. 
650 1 |a Business enterprises  |x Fiction. 
650 1 |a Chimpanzees  |x Fiction. 
830 0 |a I can read book. 
999 |a MARS 
999 f f |s a2d85c95-2966-35cf-acc1-d0d3a42ec906  |i 47730f15-4cf2-3982-837d-955d861b109e  |t 0 
952 f f |p ric  |a Texas A&M University  |b Rellis Campus  |c Joint Library Facility  |d Remote Storage  |t 0  |e PZ7.H635 Arf 1981  |h Library of Congress classification  |i unmediated -- volume  |m A14807208931 
998 f f |a PZ7.H635 Arf 1981  |t 0  |l Remote Storage